000 00657nam a2200241Ia 4500
005 20260430150610.0
008 008 250103s9999 xx 000 0 eng d
037 _aTheses
040 _aCRL
040 _beng
040 _ceng
041 _2eng
041 _aeng
084 _qCRL
100 _aChaudhary Renuka Au.; Sinha Manoj Gu.
_91237963
245 0 _aDevelopment, Knowledge and Yamuna River Pollution in Delhi-N.C.R.
260 _c2024
300 _a204p.
650 _aPolitical Science
700 _aUniversity of Delhi. Faculty of Social Science. Deptt. of Political Science
_91236360
942 _cTH
999 _c1850174
_d1850174